000 00514nam a22001937a 4500
003 LK-CoDNM
005 20250109150711.0
008 250109b |||||||| |||| 00| 0 eng d
040 _aLK-CoDNM
_dLK-CoDNM
_eLK-CoDNM
041 _aeng
080 _a5
_bF21
100 _agurney robert
245 _aBibligraphy of the larvae of decapod crustacea
_bThe ray society
260 _alondon
_bprinted for the society
_c1939
300 _a123p. ; 28 CM
490 _vvol iii
650 _ascience
942 _cBK
999 _c235790
_d235790